Normal view
MARC view
Entry Topical Term
001 - CONTROL NUMBER
- control field: 4129
003 - CONTROL NUMBER IDENTIFIER
- control field: BD-RjUL
005 - DATE AND TIME OF LATEST TRANSACTION
- control field: 20220726083104.0
008 - FIXED-LENGTH DATA ELEMENTS
- fixed length control field: 220726|| aca||aabn | a|a d
040 ## - CATALOGING SOURCE
- Original cataloging agency: BD-RjUL
- Transcribing agency: BD-RjUL
150 ## - HEADING--TOPICAL TERM
- Topical term or geographic name entry element: Urdu Literature [ novel]
670 ## - SOURCE DATA FOUND
- Source citation: Work cat.: (BD-RjUL)80119: [Ahmed, Salahuddin] ;;; احمد، صلاح الدين 4128, تصورات اقبال /tasawurat iqbal /, 1949